Plan experimental de educación de adultos en el cerro de la cruz Chihuahua, Chihuahua.

Na minha lista:
Detalhes bibliográficos
Autor Corporativo: Centro para el Estudio de Medios y Procedimientos Avanzados de la Educación (CEMPAE)
Formato: Livro
Idioma:espanhol
Assuntos:
Tags: Adicionar Tag
Sem tags, seja o primeiro a adicionar uma tag!

MARC

LEADER 00000nam^a2200000^u^4500
001 000494530
005 20250521000000.0
008 110404s1000^^^^^^^^^^^^r^^^^^000^0^eng^d
009 20260526150849.984
035 |a FCE 000037927 
037 |a Acervo ITESO - Biblioteca 
041 |a spa 
082 0 4 |a 374.29  |b CENp 
110 |a Centro para el Estudio de Medios y Procedimientos Avanzados de la Educación (CEMPAE) 
245 1 0 |a Plan experimental de educación de adultos en el cerro de la cruz Chihuahua, Chihuahua. 
264 |a México :  |b CEG : CEMPAE,  |c 1978. 
300 |a 146 p. 
336 |a texto  |b txt  |2 rdacontenido 
337 |a sin mediación  |b n  |2 rdamedio 
338 |a volumen  |b nc  |2 rdasoporte 
649 |a XX 
650 |a Educación de adultos 
650 |a Educación no formal 
650 |a Investigación experimental 
650 |a Aspectos culturales 
910 |a Fondo Centro de Estudios Educativos 
920 |a Impresos - Libros 
930 |a Fondos Especiales 
905 |a 133 
901 |a ALE037974  |b IT2  |c CEE  |u 20250521 
902 |a https://opac.biblio.iteso.mx/vufind/Record/000494530